| 000 | 01156cam a22003497a 4500 | ||
|---|---|---|---|
| 001 | 000270 | ||
| 003 | armpunfd | ||
| 005 | 20140612090605.0 | ||
| 008 | 011019e1975####xx#a##########000#0#und#d | ||
| 040 |
_aarmpunfd _carmpunfd |
||
| 080 | _a347.2 L 282 D | ||
| 100 | 1 | 0 | _a Laquis, Manuel Antonio |
| 245 | 1 | 0 | _aDerechos reales |
| 260 |
_a Buenos Aires _b Depalma _c1975-1984 |
||
| 300 | _a4 v. | ||
| 500 | _acontenido: v.1. parte general. posesion. proteccion posesoria -- v.2. propiedad y dominio ... adquisicion y perdida del dominio -- v.3. usucupacion. expropiacion -- v.4. restricciones y limites del dominio ... sepulcros | ||
| 650 | 7 |
_a Derechos Reales _2LEMB |
|
| 942 |
_cLB _2cdu |
||
| 945 |
_aCatalis _d2010-08-19 |
||
| 945 |
_aCatalis _d2010-08-19 |
||
| 945 |
_aCatalis _d2010-08-19 |
||
| 945 |
_aCatalis _d2010-08-19 |
||
| 945 |
_aCatalis _d2010-08-19 |
||
| 945 |
_aCatalis _d2010-08-19 |
||
| 945 |
_aCatalis _d2010-08-19 |
||
| 945 |
_aCatalis _d2010-08-19 |
||
| 945 |
_aCatalis _d2010-08-19 |
||
| 945 |
_aCatalis _d2010-08-19 |
||
| 945 |
_aCatalis _d2010-08-19 |
||
| 945 |
_aCatalis _d2010-08-19 |
||
| 945 |
_aCatalis _d2010-08-19 |
||
| 999 |
_c268 _d230772 |
||